Statistiques concernant Drôles de Petites Bêtes

Cliquez ici pour prendre le quiz!

Statistiques générales

  • Ce quiz a été pris 53 fois
  • Le résultat moyen est 12 sur 30

Statistiques - réponses

Réponse% Correct
Mireille l'abeille
93%
Léon le Bourdon
91%
Camille la chenille
82%
Siméon le papillon
75%
Loulou le pou
59%
Marie la fourmi
55%
Belle la coccinelle
52%
Huguette la guêpe
52%
Chloé l'araignée
48%
Carole la Luciole
45%
Barnabé le scarabée
41%
Margot l'escargot
41%
Hugo l'asticot
39%
Ursule la libellule
36%
Frédéric le moustique
34%
Patouch la mouche
34%
Georges le rouge-gorge
32%
Lulu la tortue
32%
Grace la limace
30%
Solange la mésange
30%
Adèle la Sauterelle
27%
Pat le mille-pattes
25%
Benjamin le lutin
20%
Luce la puce
20%
Maud la taupe
20%
Oscar le Cafard
20%
Pascale la cigale
20%
Adrien le lapin
11%
Cesar le lezard
11%
Lorette la paquerette
5%

Distribution des résultats

Percentile par nombre de réponses

% des personnes avec chaque résultat

Votre développement - résultats

Vous n’avez pas pris ce quiz